000 00465nam a2200157 a 4500
001 000047815
005 20201002060743.0
008 180817s2017 dr 000 spa d
020 _a9789945908633
040 _aDO-SdBNP
_bspa
_cBNPHU
082 _axxx
_bF769
245 0 _aForo políticas migratorias e inclusión social :. :
_buna perspectiva comparada.
260 _aSanto Domingo :
_bEgraf,
_c2017.
300 _a85 p. ;
_c24 cm.
590 _aInventariado,2018/DG
999 _c47303
_d47303